Fakta bersepadu spm kimia tingkatan 4 dan 5
| Main Author: | |
|---|---|
| Format: | Book |
| Published: |
K.L :
Pustaka Sistem Pelajaran Sdn Bhhd ,
1995
|
| Subjects: |
MARC
| LEADER | 00000cam a2200000 7i4500 | ||
|---|---|---|---|
| 001 | 0000006103 | ||
| 002 | 000006593 | ||
| 005 | 20000330.0 | ||
| 020 | |a 96790255926 | ||
| 090 | 0 | 0 | |a 540 |b LOH |
| 100 | 0 | |a Loh Wai Leng | |
| 245 | 1 | 0 | |a Fakta bersepadu spm kimia tingkatan 4 dan 5 |c Loh Wai Leng dan Yap Swee Peng |
| 260 | |a K.L : |b Pustaka Sistem Pelajaran Sdn Bhhd , |c 1995 | ||
| 300 | |a 403p. ; |c 25cm. | ||
| 650 | 0 | 0 | |a Chemistry |x SPM |
| 999 | |a 038250 |b BUKU |c RUJUKAN |e PERPUSTAKAAN KOMUNITI PETALING JAYA | ||
| 999 | |a 038251 |b BUKU |c RUJUKAN |e PERPUSTAKAAN KOMUNITI PETALING JAYA | ||